| 000 | 00907nam a2200253 4500 | ||
|---|---|---|---|
| 003 | CO-ViMGA | ||
| 020 | _a9586485229 | ||
| 040 |
_aCO-ViMGA _bspa _cCO-ViMGA |
||
| 082 | 0 | 4 |
_a657.45 _bP351c |
| 100 | 1 |
_aPeña Bermúdez, Jesús María _94687 |
|
| 245 | 1 | 0 |
_aControl, auditoría y revisoría fiscal : incluye contraloría y ética profesional / _cJesús María Peña Bermúdez |
| 250 | _a3a. ed. | ||
| 260 |
_aBogota : _bEcoe, _c2000. |
||
| 300 | _a182 p. | ||
| 490 | _aTextos Universitarios | ||
| 504 | _aBibliografía al final del texto | ||
| 504 | _aIncluye apéndices: Ley 43 de 1990; ley 42 de 1993; ley 87 de 1993; directiva presidencia n°.1-2 de 1997 | ||
| 650 | 1 | 4 |
_aAdministración publica _xLegislacion _zColombia _94692 |
| 650 | 1 | 4 |
_aAuditoría fiscal _94688 |
| 650 | 1 | 4 |
_aControl interno _94691 |
| 650 | 1 | 4 |
_aÉtica profesional _94690 |
| 650 | 1 | 4 |
_aRevisoria fiscal _94689 |
| 942 |
_2ddc _cBK |
||
| 999 |
_c35811 _d35811 |
||